000 00587nam a2200229Ia 4500
003 OSt
005 20220924152632.0
006 a|||||r|||| 00| 0
007 ta
008 220923b |||||||| |||| 00| 0 mar d
024 _a343477
037 _cTextual
040 _aARTS
_cARTS
_bmar
041 _2mar
_amar
082 _aY5923GUv235.M9, 155H4
100 _aGuney V.K.
_9227131
245 0 _aGuney gharayacha itihas
260 _c1944
650 _aSOCIOLOGY
942 _hY5923GUv235.M9, 155H4
_cTEXL
_2CC
999 _c470497
_d470497